000 00830nab a2200253 u 4500
001 15502
003 HDC
007 cr bn ---aaaaa
008 210218c mydr|nes 0 a may d
040 _aHDC
100 _aSarah Aina Syawal
_eauthor
_915697
245 0 _aTenaga mahir dalam industri halal /
_cby Sarah Aina Syawal
260 _aMalaysia:
_bBerita Harian,
_c2015
336 _atext
_2rdacontent
337 _acomputer
_2rdamedia
338 _aonline resource
_2rdacarrier
650 _ahalal industry
_9144
650 _amanufacturing sector
_96923
710 _aBerita Harian
856 _zRequest full-text at [email protected]
942 _2lcc
942 _cNEWS
942 _kNSWC 004877
999 _c12818
_d12818